Responses for Show #392 - Tuesday, March 11, 1986

Barbara Lowe game 4.

Contestants

[<< previous game]

David Shane, an attorney from Westlake Village, California

Lynne Harden, an actress from Los Angeles, California

Barbara Lowe, a writer and a researcher from Anaheim, California (whose 3-day cash winnings total $20,201)

[next game >>]

Jeopardy! Round responses

MYTHOLOGY
MEDICINE
PENNSYLVANIA
PUMPKINS
GAME SHOWS
GIRLS IN SONG
    $100 5
Mars

Lynne
    $100 1
a D.D.S. (doctor of dental surgery)

Triple Stumper
    $100 21
Stephen Foster

Barbara
    $100 20
Cinderella

Barbara
    $100 15
To Tell the Truth

David
    $100 11
Irene

David
    $200 6
Atlas

Barbara
    $200 2
alcohol

Barbara
    $200 22
anthracite (hard coal)

Lynne
    $200 23
(Lynne: Who is Charlie Brown?)
...
(Alex: We've got less than a minute to go.)

Linus

BarbaraLynne
    $200 16
(Barbara: What is Blankety Blanks?)
[Board control goes to Barbara due to board control erroneously going to Lynne earlier when Barbara should have had control.]

Point Blank

BarbaraLynne
    $200 12
Cielito Lindo

Triple Stumper
    $300 8
fire

Lynne
    $300 3
(Barbara: What is leprosy? [*].)

lepers

Barbara
    $300 24
the Pennsylvania Turnpike

David
    $300 17
Jim

David
    $500 13
(David: Who is Bobby Vinton?)
[The song was not reprised going into the break.]

Ritchie Valens

David
    $400 9
Janus

Lynne
    $400 4
biofeedback

Lynne
    $400 25
(Alex: Not fast enough, Barbara.)

Bethlehem

Triple Stumper
    $400 18
Card Sharks

Triple Stumper
    $400 14
Tom Jones

Barbara
    $500 10
Loki

Lynne
    $500 7
(Alex: All right, we're back to Lynne for the selection.)
[Barbara should have had control and Alex rectified his mistake after the break.]

shingles

Triple Stumper
    $500 27
(Barbara: Who is John Buchanan?)
...
[The end-of-round signal sounds.]

James Buchanan

Barbara
Triple Stumper
    $500 19
Sarah Purcell

Lynne
    $500 26
little Charlotte Johnson

Triple Stumper

Scores at the first commercial break (after clue 14):

Barbara Lynne David
$1,100 $1,700 -$400

Scores at the end of the Jeopardy! Round:

Barbara Lynne David
$800 $2,400 $300

Double Jeopardy! Round responses

BRITISH ROYALTY
BOOK TRIVIA
ANIMAL NICKNAMES
PRE-COLUMBIAN AMERICA
COLD SPOTS
CARDS
    $200 19
the Queen of England

Barbara
    $200 1
I, Claudius

Barbara
    $200 16
Charles Lindbergh

Barbara
    $200 22
(David: Who are the Incas?)
(Lynne: Who are the Mayas?)
(Barbara: [Cackling with laughter before and after her response] Who are [*]?)
...
(Alex: We've got less than a minute to go in the round.)

the Aztecs

BarbaraLynneDavid
    $200 11
the Antarctic

Barbara
    $200 2
face-down

Lynne
    $400 26
Prince Charles

David
    $400 3
enlarged print

Barbara
    $400 17
Huey Long

Barbara
    $400 23
Pizarro

Barbara
    $400 12
Greenland

Barbara
    $400 4
wild

Barbara
    $600 27
Buckingham Palace

David
    $600 8
Dr. Seuss

David
    $600 18
Haile Selassie

Lynne
    $600 24
stone

Triple Stumper
    $600 13
(Alex: [*], Albert, Canada, correct.)

Calgary

Barbara
    $600 5
(David: What is scoring?)

bidding

David
Triple Stumper
    $800 28
the Queen's Birthday (her official birthday)

Barbara
    $500 9
(David: What are The Hardy Boys?)

(1 of) Spenser: For Hire or Hotel

David
    $800 20
Jenny Lind

Barbara
    $800 25
the king, the ruler, the prince, the man in charge, the boss

Triple Stumper
    $800 14
the Yukon Territory

Triple Stumper
    $800 6
cribbage

Triple Stumper
    $1000 10
(Alex: The story is that [*] and it helped Grant's widow and family; they made a lot of money on that book.)

Mark Twain

Triple Stumper
    $400 21
[Audible reaction from Barbara before Alex can finish reading the clue]
(Alex: By golly, you're good, nice going.)
(Barbara: Ugh! Chicken! I'm chicken!)
(Alex: Gambling lady didn't take much of a gamble.)

Goslin & Gossage

Barbara
    $1000 29
[The end-of-round signal sounds.]

cacao beans

Triple Stumper
    $1000 15
Fargo

David
    $1000 7
gin rummy

David

Scores at the end of the Double Jeopardy! Round:

Barbara Lynne David
$6,400 $3,000 $2,600
(lock game)

[wagering suggestions for these scores]

Final Jeopardy! Round responses

MOVIES
(Alex: [To David] I think we'll have to accept that because The African Queen did operate with a steam-powered, uh, engine.)
...
[Barbara raises hands triumphantly and jumps up and down before her response is revealed.]
(Alex: Look at her jumping up and down folks; [Barbara laughs] get a feeling she had the right question?)
(Barbara: Yup!)
DavidWhat are streetcars & steamships?
$2,000
LynneWhat are boats and streetcars
$3,000
BarbaraWhat is a streetcar and a boat?
$391
streetcars & steamships

Final scores:

Barbara Lynne David
$6,791 $6,000 $4,600
4-day champion: $26,992 2nd place: trip on Delta to Stanfordville, New York & stay at Roseland Ranch 3rd place: Tomy Omnibot 2000

Game dynamics:

Coryat scores:

Barbara Lynne David
$7,000 $3,000 $3,600
21 R
(including 1 DD),
2 W
10 R,
2 W
9 R,
4 W
(including 2 DDs)

Combined Coryat: $13,600

[game clues] [game scores] [suggest correction]

Game tape date: 1985-10-23
The J! Archive is created by fans, for fans. Scraping, republication, monetization, and malicious use prohibited; this site may use cookies and collect identifying information. See terms. The Jeopardy! game show and all elements thereof, including but not limited to copyright and trademark thereto, are the property of Jeopardy Productions, Inc. and are protected under law. This website is not affiliated with, sponsored by, or operated by Jeopardy Productions, Inc. Join the discussion at JBoard.tv.